1066 1710 1120 1988 1968 1737 1017 1229 1393 1064 1038 1177 1360 1026 1075 1640 1312 1676 1368 1300 1138 1559 1112 1277 1510 1717 1414 1326 1060 1191 1710 1278 1181 1454 1619 1885 1792 1913 1233 1408 1533 1292 1019 1722 1972 1216 1744 1703 1449 1474 1911 1825 1804 1606 1928 1780 1139 1408 1690 1239 1042 1343 1949 1712 1202 1465 1545 1816 1027 1385 1435 1415 1236 1733 1953 1588 1427 1782 1977 1774 1679 1292 1529 1572 1528 1511 1122 1538 1749 1284 1242 1697 1803 1044 1971 1959 1057 1873 1358 BCNSPRNW ULIB Ver.6.0+V

เปลี่ยนเป็นภาษาไทย

Change to English
 แสดงรายละเอียดบรรณานุกรม
  กลับหน้าหลัก

Brief Record : Get Marc (ISO 2709) : E-mail record : QR code < ปิดหน้าต่าง
LEADER : 00000nam 2200000uu 4500
001    13399127171
003     ULIB
008    191018s2562||||th 000 0 tha d
020 ^- ^a9786163883353
050 ^- ^aนว.^bช682ก
100 ^- ^aชูวงศ์ ฉายะจินดา.
245 10 ^aกามเทพหลงทาง /^cชูวงศ์ ฉายะจินดา.
250 ^- ^aพิมพ์ครั้งที่ 9.
260 ^- ^aกรุงเทพฯ :^bแสงดาว,^c2562
300 ^- ^a192 หน้า.
945    ^p150^l0^i006357
999    ^aประนอม เกษจรัล
รายการนี้ยังไม่มีแท็ก
คุณยังไม่ได้ล็อกอิน คุณสามารถมีกิจกรรมร่วมกับเว็บไซต์ได้ แต่ต้องล็อกอินก่อน ::
  ล็อกอิน

รายการสื่อสารสนเทศ

ลำดับที่ ประเภท เลขเรียก/บาร์โค้ด สถานที่ สถานะ
1. นวนิยาย
นวนิยาย
นว. ช682ก ฉ.1 
  Barcode: 006357
ห้องสมุดวิทยาเขตนครสวรรค์
►นวนิยาย:l:Fiction
บนชั้น

รายการใกล้เคียง
    ผู้แต่ง [ชูวงศ์ ฉายะจินดา.]

BibComment


ยังไม่เคยถูกคอมเมนท์

คอมเมนท์ทรัพยากรรายการนี้
  คอมเมนท์: กามเทพหลงทาง ชู..


 Copyright 2026. Bcnsprnw @Library